Statistics for All 2020's Disney Animated Movies Quiz

Click here to take the quiz!

General Stats

  • This quiz has been taken 9 times
  • The average score is 2 of 5

Answer Stats

YearMovie% Correct
2021Encanto
100%
2023Wish
56%
2021Raya and the Last Dragon
33%
2022Strange World
33%
2024Moana 2
11%

Score Distribution

Percentile by Number Answered

Percent of People with Each Score

Your Score History

You have not taken this quiz